000 01154nam a22003257a 4500
003 CHAP
005 20220329140627.0
008 971013s1888 r 00010 d
010 _a54993
011 _a55965
035 _a60118
040 _cCHAP
082 _a591.97
_bA7
100 0 0 _aXiménez, Francisco.
_9122901
245 _aCuatro libros de la naturaleza y virtudes medicinales de las plantas y animales de la Nueva España
_b: extracto de las obras de Francisco Hernández
260 _aMorelia :
_bImpr. y Lit. en la Escuela de Artes á cargo de José Rosario Bravo,
_c1888
300 _a294 p.
500 _aEncuadernado con: Armas, J.I. de La zoología de Colón
590 _aBATCH-UPD
_b10
_c20130110
_lUCH01
_h0636
590 _aBATCH-UPD
_b10
_c20130410
_lUCH01
_h0320
590 _aBATCH-UPD
_b10
_c20130914
_lUCH01
_h0733
590 _aCONVERSION
_b10
_c20130109
_lUCH01
_h1330
650 1 4 _aBotánica médica.
_914680
650 1 4 _aBotánica
_zMéxico.
_914641
650 1 4 _aZoología.
_9124151
700 0 _aHernández, Francisco.
_954774
901 _aBK
942 _cLIBRO
949 _a591.97 A7
_bBC
_cBPP
_d-129701
_eBPP
_i60118
_si
999 _c54993
_d54993